Statistics for Highest Paid Actresses in 2016

Click here to take the quiz!

General Stats

  • This quiz has been taken 58 times
  • The average score is 7 of 20

Answer Stats

Million $#Actress% Correct
61.71.Jennifer Lawrence
81%
1015.Julia Roberts
62%
619.Meryl Streep
62%
24.754.Jennifer Aniston
53%
403.Angelina Jolie
49%
8.517.Natalie Portman
49%
57.52.Scarlett Johansson
49%
1016.Emma Stone
45%
208.Sandra Bullock
38%
246.Anne Hathaway
32%
159.Amy Adams
30%
1510.Reese Witherspoon
30%
818.Margot Robbie
26%
4.520.Mila Kunis
23%
245.Melissa McCarthy
21%
1212.Kristen Stewart
19%
10.513.Tina Fey
9%
10.514.Amanda Seyfried
4%
207.Bingbing Fan
2%
1511.Cara Delevingne
0%

Score Distribution

Percentile by Number Answered

Percent of People with Each Score

Your Score History

You have not taken this quiz